[Event "Madrid-ch superveteranos 2016/2017"]
[Site "Madrid ESP"]
[Date "2017.01.23"]
[Round "2.12"]
[White "Beekhof Harmsen, Willen"]
[Black "De Juan Rivas, Antonio"]
[Result "1-0"]
[WhiteElo "1555"]
[BlackElo "1682"]
[PlyCount "95"]
[EventDate "2017.01.20"]
[EventType "swiss"]
[EventRounds "7"]
[EventCountry "ESP"]
[SourceTitle "Ajedrez en Madrid"]
[Source "lmi"]
[SourceDate "2017.01.20"]
[SourceVersion "1"]
[SourceVersionDate "2017.01.31"]
[SourceQuality "1"]

1. Nf3 Nf6 2. b3 g6 3. Bb2 Bg7 4. g3 d6 5. Bg2 O-O 6. O-O c5 7. d3 Nc6 8. Nbd2
e5 9. Ng5 h6 10. Nge4 Bf5 11. Nxf6+ Bxf6 12. Ne4 Bg7 13. Nc3 Rb8 14. Nd5 Re8
15. e4 Be6 16. f4 exf4 17. Bxg7 Kxg7 18. Nxf4 Ne5 19. d4 Ng4 20. Nxe6+ Rxe6 21.
Qxg4 cxd4 22. Rad1 h5 23. Qf3 Qe7 24. Rxd4 Rf8 25. Qc3 Kh7 26. Rc4 Qd8 27. Rc7
Re7 28. Rxe7 Qxe7 29. Qf6 Qc7 30. c4 b6 31. Qd4 Re8 32. Kh1 a5 33. Rd1 Rd8 34.
Qf6 Rd7 35. e5 dxe5 36. Rxd7 Qxd7 37. Bd5 Qf5 38. Qxf7+ Qxf7 39. Bxf7 Kg7 40.
Bd5 Kf6 41. Be4 g5 42. h4 gxh4 43. gxh4 Ke6 44. Bg6 Kf6 45. Bxh5 e4 46. Be2 Ke5
47. h5 e3 48. Kg2 1-0

[Event "Madrid-ch superveteranos 2016/2017"]
[Site "Madrid ESP"]
[Date "2017.01.23"]
[Round "2.13"]
[White "Diaz Begonte, Manuel"]
[Black "Poblador Dieguez, Alfredo"]
[Result "0-1"]
[WhiteElo "1658"]
[BlackElo "1576"]
[PlyCount "103"]
[EventDate "2017.01.20"]
[EventType "swiss"]
[EventRounds "7"]
[EventCountry "ESP"]
[SourceTitle "Ajedrez en Madrid"]
[Source "lmi"]
[SourceDate "2017.01.20"]
[SourceVersion "1"]
[SourceVersionDate "2017.01.31"]
[SourceQuality "1"]

1. e4 c5 2. d4 cxd4 3. c3 d3 4. Bxd3 Nc6 5. Be3 d5 6. Bc2 Nf6 7. exd5 Qxd5 8.
Nf3 Qxd1+ 9. Bxd1 e6 10. O-O Be7 11. Nbd2 O-O 12. h3 Rd8 13. Bb3 Nd5 14. Nd4
Nxe3 15. fxe3 Ne5 16. Nc4 Nxc4 17. Bxc4 Bg5 18. Kf2 a6 19. Nf3 Be7 20. Rad1 b5
21. Rxd8+ Bxd8 22. Bb3 Bb7 23. Nd4 Bb6 24. g4 Rd8 25. Kg1 Bd5 26. Bxd5 Rxd5 27.
Kf2 e5 28. Nf5 Rd2+ 29. Kf3 g6 30. Ne7+ Kf8 31. Nc6 f6 32. Rf2 Rd6 33. Nb4 a5
34. Nc2 Ke7 35. Na3 Rd3 36. Re2 b4 37. cxb4 axb4 38. Nc4 Ba7 39. Rd2 Rxd2 40.
Nxd2 f5 41. a4 bxa3 42. bxa3 h6 43. Nc4 Ke6 44. e4 fxg4+ 45. Kxg4 Bd4 46. Kf3
Kd7 47. Ne3 Bxe3 48. Kxe3 Kc6 49. Kd3 Kc5 50. a4 g5 51. a5 h5 52. a6 0-1

[Event "Madrid-ch superveteranos 2016/2017"]
[Site "Madrid ESP"]
[Date "2017.01.23"]
[Round "2.16"]
[White "Perez Carballeira, Francisco"]
[Black "Perez Gonzalez, Jesus Miguel"]
[Result "0-1"]
[WhiteElo "1448"]
[BlackElo "1634"]
[PlyCount "36"]
[EventDate "2017.01.20"]
[EventType "swiss"]
[EventRounds "7"]
[EventCountry "ESP"]
[SourceTitle "Ajedrez en Madrid"]
[Source "lmi"]
[SourceDate "2017.01.20"]
[SourceVersion "1"]
[SourceVersionDate "2017.01.31"]
[SourceQuality "1"]

1. d4 e6 2. c4 d5 3. Nc3 Nf6 4. cxd5 exd5 5. Bg5 Be7 6. e3 Bf5 7. Bb5+ c6 8.
Ba4 O-O 9. Nge2 Re8 10. O-O Nbd7 11. Bb3 h6 12. Bxf6 Nxf6 13. a3 Bd6 14. h3 Qd7
15. Re1 Bxh3 16. gxh3 Qxh3 17. Nf4 Bxf4 18. exf4 Ng4 0-1

[Event "Madrid-ch superveteranos 2016/2017"]
[Site "Madrid ESP"]
[Date "2017.01.23"]
[Round "2.17"]
[White "Martin Rodriguez, Jose Luis"]
[Black "Fernandez-Bujarrabal V., Pedro"]
[Result "0-1"]
[WhiteElo "1327"]
[BlackElo "1606"]
[PlyCount "94"]
[EventDate "2017.01.20"]
[EventType "swiss"]
[EventRounds "7"]
[EventCountry "ESP"]
[SourceTitle "Ajedrez en Madrid"]
[Source "lmi"]
[SourceDate "2017.01.20"]
[SourceVersion "1"]
[SourceVersionDate "2017.01.31"]
[SourceQuality "1"]

1. c4 Nf6 2. Nc3 d5 3. cxd5 Nxd5 4. Nf3 e6 5. g3 c6 6. Bg2 Be7 7. O-O O-O 8. d4
Nd7 9. Nxd5 exd5 10. Bf4 Nf6 11. Ne5 Bd6 12. Qd3 Bxe5 13. Bxe5 Ng4 14. Bf4 Qf6
15. h3 Bf5 16. Qd2 Nh6 17. Bxh6 gxh6 18. Qf4 Qe6 19. Qe5 Bxh3 20. Qxe6 Bxe6 21.
Rac1 Rac8 22. Bf3 f5 23. Kg2 Kg7 24. Rh1 Rf6 25. Bh5 Bf7 26. Bf3 Bg6 27. e3 Re8
28. Rc3 a5 29. Rhc1 Ree6 30. a4 Be8 31. Rb3 Re7 32. Rbc3 h5 33. Kh3 Rh6 34. Kh4
Bf7 35. Rc5 b5 36. Rxc6 Rb7 37. R6c5 bxa4 38. Rc7 Rxb2 39. Bxd5 Rf6 40. Bf3
Rxf2 41. Bxh5 Rh2+ 42. Kg5 Rxh5+ 43. Kf4 a3 44. Ra7 a2 45. Rxa5 Rb6 46. Rxf5
Rxf5+ 47. Kxf5 Rb1 0-1

[Event "Madrid-ch superveteranos 2016/2017"]
[Site "Madrid ESP"]
[Date "2017.01.23"]
[Round "2.18"]
[White "Perez Cristobal, Alberto"]
[Black "Buergo Villanueva, Fernando"]
[Result "0-1"]
[WhiteElo "1598"]
[BlackElo "1290"]
[PlyCount "84"]
[EventDate "2017.01.20"]
[EventType "swiss"]
[EventRounds "7"]
[EventCountry "ESP"]
[SourceTitle "Ajedrez en Madrid"]
[Source "lmi"]
[SourceDate "2017.01.20"]
[SourceVersion "1"]
[SourceVersionDate "2017.01.31"]
[SourceQuality "1"]

1. e4 e5 2. Nf3 Nc6 3. Bb5 Nf6 4. d3 Bc5 5. O-O O-O 6. Bg5 Nd4 7. Bc4 b5 8.
Nxd4 bxc4 9. Nf3 cxd3 10. cxd3 Ba6 11. Re1 Rb8 12. Re2 Qe7 13. Nc3 Rb6 14. Nd5
Qd6 15. Nxb6 Qxb6 16. Nxe5 Bc8 17. Nc4 Qe6 18. Be3 Be7 19. f3 Rd8 20. b3 d5 21.
Nd2 d4 22. Bf2 Ba6 23. Nc4 Nh5 24. Be1 Nf4 25. Rf2 Bxc4 26. bxc4 Qg6 27. Rb2
Ba3 28. Rc2 h5 29. Bg3 Ne6 30. Rb1 Be7 31. f4 f5 32. exf5 Qxf5 33. Rb5 Nc5 34.
Re2 Bd6 35. Re4 h4 36. Bxh4 Rf8 37. Bg5 c6 38. Ra5 a6 39. Rxd4 Qg6 40. h3 Nb7
41. Rxd6 Qxd6 42. d4 Nxa5 0-1

[Event "Madrid-ch superveteranos 2016/2017"]
[Site "Madrid ESP"]
[Date "2017.01.24"]
[Round "3.1"]
[White "Garcia Esteban, Ignacio"]
[Black "Pastor Alonso de Prado, Emilio Alberto"]
[Result "0-1"]
[WhiteElo "1851"]
[BlackElo "2113"]
[PlyCount "76"]
[EventDate "2017.01.20"]
[EventType "swiss"]
[EventRounds "7"]
[EventCountry "ESP"]
[SourceTitle "Ajedrez en Madrid"]
[Source "lmi"]
[SourceDate "2017.01.20"]
[SourceVersion "1"]
[SourceVersionDate "2017.01.31"]
[SourceQuality "1"]

1. e4 e5 2. Nf3 Nc6 3. Bb5 d6 4. d4 Bd7 5. d5 Nb8 6. Bd3 g6 7. c4 Bg7 8. Nc3
Ne7 9. Bg5 O-O 10. Qd2 Na6 11. Bh6 Bg4 12. Bxg7 Kxg7 13. Ng1 Nc5 14. Bc2 a5 15.
a4 Bd7 16. f3 f5 17. h4 h6 18. h5 f4 19. g4 fxg3 20. hxg6 Ng8 21. Nce2 g2 22.
Rh2 Qg5 23. Qxg5 hxg5 24. Rxg2 Kxg6 25. Ra3 Kf6 26. Rh2 Ne7 27. Kf2 Rh8 28.
Rxh8 Rxh8 29. Kg2 Ng6 30. Ra1 Nf4+ 31. Nxf4 exf4 32. b3 Ke5 33. Rd1 g4 34. fxg4
Bxg4 35. Re1 Bh5 36. Kf2 Rg8 37. Ne2 Bxe2 38. Rxe2 Rg3 0-1

[Event "Madrid-ch superveteranos 2016/2017"]
[Site "Madrid ESP"]
[Date "2017.01.24"]
[Round "3.2"]
[White "Fernandez Garcia, Ignacio"]
[Black "Estrada Martinez, Cesar"]
[Result "1/2-1/2"]
[WhiteElo "1833"]
[BlackElo "2067"]
[PlyCount "83"]
[EventDate "2017.01.20"]
[EventType "swiss"]
[EventRounds "7"]
[EventCountry "ESP"]
[SourceTitle "Ajedrez en Madrid"]
[Source "lmi"]
[SourceDate "2017.01.20"]
[SourceVersion "1"]
[SourceVersionDate "2017.01.31"]
[SourceQuality "1"]

1. e4 c5 2. Nf3 g6 3. d4 cxd4 4. Qxd4 Nf6 5. Bb5 Nc6 6. Bxc6 dxc6 7. Qxd8+ Kxd8
8. Nc3 Bg7 9. h3 Ke8 10. Bf4 Nd7 11. e5 Nb6 12. O-O-O h6 13. Rhe1 Be6 14. Nd4
Bd5 15. f3 e6 16. Bh2 Bf8 17. Nxd5 Nxd5 18. c4 Nb6 19. b3 Rd8 20. Ne2 Ba3+ 21.
Kc2 Ke7 22. Bg1 Bb4 23. Nc3 Rd7 24. Rxd7+ Nxd7 25. Re2 Bc5 26. Bxc5+ Nxc5 27.
b4 Nd7 28. f4 Nb6 29. c5 Nd5 30. Nxd5+ cxd5 31. Kd3 Kd7 32. b5 g5 33. Rf2 gxf4
34. Rxf4 Ke7 35. Kd4 a6 36. bxa6 bxa6 37. c6 Rb8 38. Rf2 Rb4+ 39. Kc5 Rb5+ 40.
Kd4 Rb4+ 41. Kc5 Rb5+ 42. Kd4 1/2-1/2

[Event "Madrid-ch superveteranos 2016/2017"]
[Site "Madrid ESP"]
[Date "2017.01.24"]
[Round "3.3"]
[White "Ciuro Munoz, Ricardo"]
[Black "Leniz Martinez, Francisco"]
[Result "1-0"]
[WhiteElo "2015"]
[BlackElo "1721"]
[PlyCount "91"]
[EventDate "2017.01.20"]
[EventType "swiss"]
[EventRounds "7"]
[EventCountry "ESP"]
[SourceTitle "Ajedrez en Madrid"]
[Source "lmi"]
[SourceDate "2017.01.20"]
[SourceVersion "1"]
[SourceVersionDate "2017.01.31"]
[SourceQuality "1"]

1. e4 c5 2. Nf3 e6 3. d3 Nc6 4. Nbd2 Nf6 5. g3 d5 6. Bg2 Be7 7. O-O O-O 8. e5
Nd7 9. Re1 b5 10. c3 Rb8 11. Nf1 a5 12. h4 Ba6 13. b3 c4 14. bxc4 bxc4 15. d4
Rb6 16. h5 Bc8 17. N1h2 f5 18. exf6 Nxf6 19. Ng5 Na7 20. Bh3 h6 21. Bxe6+ Bxe6
22. Nxe6 Rxe6 23. Rxe6 Ne4 24. Qe1 Qd7 25. Rxe4 dxe4 26. Qxe4 Nb5 27. Bd2 Nd6
28. Qd5+ Kh7 29. Re1 Rf6 30. Bf4 Bf8 31. Bxd6 Bxd6 32. Qe4+ Qf5 33. Ng4 Rf7 34.
Qxf5+ Rxf5 35. Ne3 Rxh5 36. Nxc4 Bc7 37. Re7 Bd8 38. Re5 Kg6 39. Rxh5 Kxh5 40.
Kg2 Kg4 41. Ne3+ Kg5 42. Kf3 Kf6 43. c4 h5 44. Ke4 g6 45. a4 Ke6 46. c5 1-0

[Event "Madrid-ch superveteranos 2016/2017"]
[Site "Madrid ESP"]
[Date "2017.01.24"]
[Round "3.4"]
[White "Mayer Schwartz, Rene"]
[Black "Martinez Rubio, Felipe"]
[Result "1-0"]
[WhiteElo "2032"]
[BlackElo "1706"]
[PlyCount "63"]
[EventDate "2017.01.20"]
[EventType "swiss"]
[EventRounds "7"]
[EventCountry "ESP"]
[SourceTitle "Ajedrez en Madrid"]
[Source "lmi"]
[SourceDate "2017.01.20"]
[SourceVersion "1"]
[SourceVersionDate "2017.01.31"]
[SourceQuality "1"]

1. Nf3 Nf6 2. c4 c5 3. Nc3 Nc6 4. d4 cxd4 5. Nxd4 a6 6. e4 Qc7 7. Be3 e6 8. Rc1
Be7 9. Be2 d6 10. O-O O-O 11. f3 h6 12. Qd2 Nh7 13. Rfd1 Qd8 14. Na4 Qe8 15.
Nb6 Rb8 16. b4 Ne5 17. Nb3 Nd7 18. Nxc8 Rxc8 19. c5 Ndf6 20. cxd6 Rxc1 21. Nxc1
Nxe4 22. fxe4 Bg5 23. e5 Qd7 24. Bxg5 Nxg5 25. Nb3 Qc6 26. Qe3 b6 27. h4 Nh7
28. Bxa6 Rd8 29. Rc1 Qd5 30. Qxb6 Rf8 31. Qd4 Qa8 32. d7 1-0

[Event "Madrid-ch superveteranos 2016/2017"]
[Site "Madrid ESP"]
[Date "2017.01.24"]
[Round "3.5"]
[White "Ortega Morales, Pedro"]
[Black "Garcia Peco, Antonio"]
[Result "1-0"]
[WhiteElo "1748"]
[BlackElo "1488"]
[PlyCount "69"]
[EventDate "2017.01.20"]
[EventType "swiss"]
[EventRounds "7"]
[EventCountry "ESP"]
[SourceTitle "Ajedrez en Madrid"]
[Source "lmi"]
[SourceDate "2017.01.20"]
[SourceVersion "1"]
[SourceVersionDate "2017.01.31"]
[SourceQuality "1"]

1. d4 d5 2. Bf4 Bf5 3. e3 Nf6 4. Nf3 h6 5. h3 a6 6. Be2 e6 7. Nbd2 Bd6 8. Ne5
Nfd7 9. Nd3 Bxf4 10. Nxf4 c6 11. c4 dxc4 12. Nxc4 Qc7 13. Nh5 Nb6 14. Nxg7+ Ke7
15. Nxf5+ exf5 16. Ne5 N8d7 17. Nd3 Nd5 18. Rc1 Qa5+ 19. Qd2 Qxa2 20. O-O Qb3
21. Bf3 Rag8 22. Bxd5 Qxd5 23. Nf4 Qb5 24. b4 h5 25. d5 Ne5 26. Kh1 Nc4 27. Qd4
Nb6 28. Qe5+ Kf8 29. Qd6+ Kg7 30. dxc6 Rd8 31. Nxh5+ Kh7 32. Qf6 Rdg8 33. Rfd1
bxc6 34. Qxf7+ Kh6 35. Rd6+ 1-0

[Event "Madrid-ch superveteranos 2016/2017"]
[Site "Madrid ESP"]
[Date "2017.01.24"]
[Round "3.6"]
[White "Fernandez-Bujarrabal V., Pedro"]
[Black "Campos Calvo-Sotelo, Juan"]
[Result "0-1"]
[WhiteElo "1606"]
[BlackElo "1896"]
[PlyCount "92"]
[EventDate "2017.01.20"]
[EventType "swiss"]
[EventRounds "7"]
[EventCountry "ESP"]
[SourceTitle "Ajedrez en Madrid"]
[Source "lmi"]
[SourceDate "2017.01.20"]
[SourceVersion "1"]
[SourceVersionDate "2017.01.31"]
[SourceQuality "1"]

1. e4 e6 2. d4 a6 3. Nf3 b5 4. Bd3 c5 5. dxc5 Bxc5 6. O-O Nf6 7. Qe2 Qb6 8. Re1
Bb7 9. Be3 Nc6 10. Bxc5 Qxc5 11. c3 h6 12. Nbd2 O-O 13. Nb3 Qa7 14. Nbd4 Nxd4
15. cxd4 d5 16. e5 Ne4 17. Red1 Rfd8 18. Qe3 Rac8 19. Rac1 Qb6 20. Rxc8 Rxc8
21. Rc1 Rc6 22. b4 Qc7 23. Rxc6 Qxc6 24. Ne1 Nc3 25. a3 Na4 26. h4 Nb2 27. Bc2
Qc4 28. g4 Na4 29. Bd3 Qc7 30. g5 hxg5 31. hxg5 Nb2 32. Bc2 Nc4 33. Qd3 g6 34.
Kg2 a5 35. Kg3 axb4 36. axb4 Nxe5 37. Qe2 Nd3+ 38. Kh3 Nxe1 39. Bxg6 Qc3+ 40.
Kh2 Nf3+ 41. Kg2 Nh4+ 42. Kh2 Nxg6 43. Qxb5 Qc7+ 44. Kg2 Nf4+ 45. Kg1 Nh3+ 46.
Kg2 Nxg5 0-1

[Event "Madrid-ch superveteranos 2016/2017"]
[Site "Madrid ESP"]
[Date "2017.01.24"]
[Round "3.7"]
[White "Perez Pascual, Arturo"]
[Black "Perez Gonzalez, Jesus Miguel"]
[Result "1-0"]
[WhiteElo "1895"]
[BlackElo "1634"]
[PlyCount "33"]
[EventDate "2017.01.20"]
[EventType "swiss"]
[EventRounds "7"]
[EventCountry "ESP"]
[SourceTitle "Ajedrez en Madrid"]
[Source "lmi"]
[SourceDate "2017.01.20"]
[SourceVersion "1"]
[SourceVersionDate "2017.01.31"]
[SourceQuality "1"]

1. e4 d6 2. d4 g6 3. Nc3 Bg7 4. h3 Nd7 5. f4 e5 6. fxe5 Qh4+ 7. Ke2 dxe5 8. Nf3
Qe7 9. d5 Nh6 10. Kf2 O-O 11. Bc4 Qc5+ 12. Be3 Qxc4 13. Qd2 Qb4 14. b3 Qe7 15.
a3 f5 16. Bxh6 fxe4 17. Bg5 1-0

[Event "Madrid-ch superveteranos 2016/2017"]
[Site "Madrid ESP"]
[Date "2017.01.24"]
[Round "3.8"]
[White "Lopez Heras, Arturo"]
[Black "Poblador Dieguez, Alfredo"]
[Result "1/2-1/2"]
[WhiteElo "1837"]
[BlackElo "1576"]
[PlyCount "139"]
[EventDate "2017.01.20"]
[EventType "swiss"]
[EventRounds "7"]
[EventCountry "ESP"]
[SourceTitle "Ajedrez en Madrid"]
[Source "lmi"]
[SourceDate "2017.01.20"]
[SourceVersion "1"]
[SourceVersionDate "2017.01.31"]
[SourceQuality "1"]

1. d4 d5 2. c4 c6 3. Nf3 Nf6 4. Bg5 e6 5. Nc3 h6 6. Bh4 Nbd7 7. e3 Qa5 8. Bd3
dxc4 9. Bxc4 Bb4 10. O-O Bxc3 11. bxc3 Qxc3 12. Rc1 Qa5 13. Qd3 O-O 14. Bb3 b6
15. Rfe1 Ba6 16. Qb1 Rac8 17. e4 Bb7 18. e5 Nd5 19. Qe4 c5 20. Qg4 cxd4 21.
Nxd4 Nxe5 22. Qg3 Ng6 23. Bc2 Nxh4 24. Qxh4 Qd2 25. Nf3 Qf4 26. Qh3 Nc3 27. Ra1
Ba6 28. Bb3 Bb7 29. Re3 Nd5 30. Ree1 Rc3 31. Rad1 Nf6 32. Rd4 Qf5 33. Qxf5 exf5
34. Nh4 Re8 35. Rxe8+ Nxe8 36. h3 Bc8 37. Rd8 Kf8 38. Nf3 Ke7 39. Rd4 Be6 40.
Ba4 Rc4 41. Rxc4 Bxc4 42. Ne5 Bxa2 43. Nc6+ Kd6 44. Nxa7 Nc7 45. Nc8+ Kc5 46.
Ne7 f4 47. Nf5 b5 48. Bd1 b4 49. Nxg7 b3 50. Nf5 h5 51. Ng7 h4 52. Nf5 b2 53.
Bc2 b1=Q+ 54. Bxb1 Bxb1 55. Nxh4 Kd4 56. Nf3+ Kd5 57. h4 Bg6 58. Kh2 Ne6 59. g4
fxg3+ 60. fxg3 Bh5 61. Ng1 Bg4 62. Nh3 Ke5 63. Nf2 Kf5 64. Nd3 Nd4 65. Kg2 Be2
66. Nf4 Bg4 67. Kf2 Ne6 68. Ng2 Ke4 69. Ne3 f5 70. Ng2 1/2-1/2

[Event "Madrid-ch superveteranos 2016/2017"]
[Site "Madrid ESP"]
[Date "2017.01.24"]
[Round "3.9"]
[White "Arroyo Fraile, Mario"]
[Black "Cruz Gonzalez, Antonio"]
[Result "0-1"]
[WhiteElo "1552"]
[BlackElo "1817"]
[PlyCount "70"]
[EventDate "2017.01.20"]
[EventType "swiss"]
[EventRounds "7"]
[EventCountry "ESP"]
[SourceTitle "Ajedrez en Madrid"]
[Source "lmi"]
[SourceDate "2017.01.20"]
[SourceVersion "1"]
[SourceVersionDate "2017.01.31"]
[SourceQuality "1"]

1. c4 Nf6 2. Nc3 g6 3. g3 c6 4. Bg2 Bg7 5. Nf3 d5 6. cxd5 Nxd5 7. Rb1 Bf5 8.
Ra1 O-O 9. Nxd5 cxd5 10. O-O Nc6 11. a3 e5 12. Nh4 Be6 13. d3 Rc8 14. Nf3 Qd7
15. Nd2 f5 16. e4 fxe4 17. dxe4 d4 18. Rb1 Kh8 19. Nb3 b6 20. Bd2 Bc4 21. Re1
Qf7 22. f3 Bxb3 23. Qe2 Bc4 24. Qd1 h6 25. b3 Be6 26. b4 b5 27. Rb2 Bc4 28. Bh3
Rcd8 29. Qc1 Kh7 30. Bg2 Rd6 31. Rc2 g5 32. f4 exf4 33. gxf4 gxf4 34. Bxf4 Qxf4
35. Qxf4 Rxf4 0-1

[Event "Madrid-ch superveteranos 2016/2017"]
[Site "Madrid ESP"]
[Date "2017.01.24"]
[Round "3.10"]
[White "Perez Cameselle, Francisco Jose"]
[Black "Beekhof Harmsen, Willen"]
[Result "1/2-1/2"]
[WhiteElo "1790"]
[BlackElo "1555"]
[PlyCount "94"]
[EventDate "2017.01.20"]
[EventType "swiss"]
[EventRounds "7"]
[EventCountry "ESP"]
[SourceTitle "Ajedrez en Madrid"]
[Source "lmi"]
[SourceDate "2017.01.20"]
[SourceVersion "1"]
[SourceVersionDate "2017.01.31"]
[SourceQuality "1"]

1. e4 g6 2. d4 d6 3. Nc3 Bg7 4. f4 a6 5. Nf3 b5 6. a3 Nd7 7. Bd3 c5 8. Be3 c4
9. Be2 Bb7 10. O-O Ngf6 11. d5 O-O 12. Nd4 Nc5 13. Bf3 e5 14. fxe5 dxe5 15.
Nde2 Nfd7 16. Qd2 f5 17. Bg5 Nf6 18. exf5 e4 19. Bxf6 Bxf6 20. Nxe4 Nxe4 21.
Bxe4 Bxb2 22. Rab1 Qb6+ 23. Kh1 c3 24. Qh6 Qf6 25. Ng3 Qg7 26. Qg5 h6 27. Qh4
Qd4 28. Rbd1 Qh8 29. d6 Bxe4 30. Qxe4 Rad8 31. Qe6+ Rf7 32. d7 Qf6 33. Qe8+ Rf8
34. Qe4 Bxa3 35. Nh5 Qf7 36. Ng3 Rxd7 37. Rxd7 Qxd7 38. f6 Qf7 39. Qc6 Be7 40.
Ne4 Qc4 41. Qxc4+ bxc4 42. Ra1 Bxf6 43. Rxa6 Bd4 44. g4 Rf1+ 45. Kg2 Rg1+ 46.
Kf3 h5 47. gxh5 gxh5 1/2-1/2

[Event "Madrid-ch superveteranos 2016/2017"]
[Site "Madrid ESP"]
[Date "2017.01.24"]
[Round "3.11"]
[White "Sanchez Lucena, Juan"]
[Black "Albo Benarroch, Angel"]
[Result "1-0"]
[WhiteElo "1431"]
[BlackElo "1784"]
[PlyCount "83"]
[EventDate "2017.01.20"]
[EventType "swiss"]
[EventRounds "7"]
[EventCountry "ESP"]
[SourceTitle "Ajedrez en Madrid"]
[Source "lmi"]
[SourceDate "2017.01.20"]
[SourceVersion "1"]
[SourceVersionDate "2017.01.31"]
[SourceQuality "1"]

1. d4 Nf6 2. Nf3 e6 3. a3 c5 4. Bg5 h6 5. Bf4 d5 6. e3 Nh5 7. Be5 Nf6 8. c4 Nc6
9. Nc3 cxd4 10. exd4 Nxe5 11. Nxe5 Be7 12. c5 a6 13. Be2 Nd7 14. Qa4 O-O 15.
O-O Nxe5 16. dxe5 Bxc5 17. b4 Bd4 18. Rac1 Bxe5 19. Rfd1 Bd7 20. Qb3 Rc8 21.
Bf3 Bxc3 22. Rxc3 Rxc3 23. Qxc3 Qc8 24. Qd4 Ba4 25. Re1 Qc6 26. h3 Rc8 27. Bh5
Qc3 28. Qe3 Qxe3 29. Rxe3 d4 30. Rd3 e5 31. Bf3 Bc6 32. Bg4 Rd8 33. Bd1 e4 34.
Rd2 f5 35. Kf1 Kf7 36. Ke1 g5 37. g3 Kf6 38. Ke2 Bb5+ 39. Ke1 Ke5 40. a4 Bd7
41. Kf1 Rc8 42. Kg2 1-0

[Event "Madrid-ch superveteranos 2016/2017"]
[Site "Madrid ESP"]
[Date "2017.01.24"]
[Round "3.13"]
[White "Buergo Villanueva, Fernando"]
[Black "Rodriguez Bachiller, Luis"]
[Result "0-1"]
[WhiteElo "1290"]
[BlackElo "1657"]
[PlyCount "142"]
[EventDate "2017.01.20"]
[EventType "swiss"]
[EventRounds "7"]
[EventCountry "ESP"]
[SourceTitle "Ajedrez en Madrid"]
[Source "lmi"]
[SourceDate "2017.01.20"]
[SourceVersion "1"]
[SourceVersionDate "2017.01.31"]
[SourceQuality "1"]

1. d4 Nf6 2. Nf3 d6 3. h3 g6 4. Nbd2 Bg7 5. e3 Nc6 6. c3 O-O 7. Bd3 Re8 8. Qb3
e6 9. e4 b6 10. Nf1 Bb7 11. Bg5 Qc8 12. Bxf6 Bxf6 13. O-O-O Ba6 14. Ne3 Bxd3
15. Rxd3 Qb7 16. h4 Na5 17. Qc2 Qxe4 18. b4 Nb7 19. Re1 Qc6 20. Ng4 Bg7 21. c4
a6 22. Rc3 Qd7 23. Ng5 e5 24. f3 exd4 25. Rxe8+ Rxe8 26. Rd3 c5 27. Rd1 a5 28.
b5 Qe7 29. f4 h5 30. Nf2 Qe3+ 31. Kb1 Qxf4 32. Nf3 Re3 33. Nd3 Qf6 34. Rf1 Qe7
35. Ng5 f5 36. Nh3 Re2 37. Qd1 Re3 38. Nhf4 Qe4 39. Rf3 Rxf3 40. gxf3 Qe8 41.
Qg1 Kh7 42. a4 Nd8 43. Nd5 Qe2 44. N5f4 Qxf3 45. Qxg6+ Kh8 46. Qxh5+ Qxh5 47.
Nxh5 Bh6 48. Nf6 f4 49. Ng4 Kg7 50. h5 Ne6 51. Kc2 f3 52. Kd1 Nf4 53. Ndf2 d5
54. cxd5 Nxd5 55. Ne5 Nc3+ 56. Kc2 Nxa4 57. Nxf3 Nc3 58. Ng4 Nxb5 59. Nh4 Nd6
60. Ne5 b5 61. Nhf3 Be3 62. Nd7 c4 63. Nde5 d3+ 64. Nxd3 cxd3+ 65. Kxd3 Nc4 66.
Ne1 Kh6 67. Nc2 Bb6 68. Ke4 Kxh5 69. Kd5 Ne3+ 70. Nxe3 Bxe3 71. Kc6 b4 0-1

[Event "Madrid-ch superveteranos 2016/2017"]
[Site "Madrid ESP"]
[Date "2017.01.24"]
[Round "3.14"]
[White "Olano Lanchas, Dionisio"]
[Black "Cupeiro Fernandez, Manuel"]
[Result "0-1"]
[WhiteElo "1692"]
[BlackElo "1525"]
[PlyCount "104"]
[EventDate "2017.01.20"]
[EventType "swiss"]
[EventRounds "7"]
[EventCountry "ESP"]
[SourceTitle "Ajedrez en Madrid"]
[Source "lmi"]
[SourceDate "2017.01.20"]
[SourceVersion "1"]
[SourceVersionDate "2017.01.31"]
[SourceQuality "1"]

1. e4 d6 2. Bc4 Nf6 3. d3 h6 4. Nf3 Bg4 5. h3 Bxf3 6. Qxf3 e6 7. e5 dxe5 8.
Qxb7 Nbd7 9. Bb5 Bd6 10. Nc3 O-O 11. Be3 Nc5 12. Bxc5 Bxc5 13. Bc6 Rb8 14. Qa6
Qd4 15. O-O Rxb2 16. Nb5 Qd8 17. Qa5 Rxc2 18. Be4 Nxe4 19. dxe4 Qd2 20. Qxd2
Rxd2 21. a4 c6 22. Nc7 a5 23. Rac1 Bb4 24. Rxc6 Ra2 25. Na6 Rxa4 26. Rc4 Ra8
27. Nxb4 Rxb4 28. Rxb4 axb4 29. Rb1 Rb8 30. Rb3 f5 31. f3 Kf7 32. Kf2 Ke7 33.
Ke2 Kd6 34. Kd3 Kc5 35. exf5 exf5 36. Kc2 Rd8 37. Re3 Rd5 38. Kb3 h5 39. g3 g5
40. Kc2 Kc4 41. g4 hxg4 42. hxg4 fxg4 43. Re4+ Rd4 44. Rxe5 gxf3 45. Rxg5 Rf4
46. Rg1 f2 47. Rf1 Rf3 48. Kd2 b3 49. Ke2 Rf8 50. Rc1+ Kb4 51. Kf1 b2 52. Rd1
Kc3 0-1

[Event "Madrid-ch superveteranos 2016/2017"]
[Site "Madrid ESP"]
[Date "2017.01.24"]
[Round "3.15"]
[White "De Juan Rivas, Antonio"]
[Black "Perez Cristobal, Alberto"]
[Result "1/2-1/2"]
[WhiteElo "1682"]
[BlackElo "1598"]
[PlyCount "21"]
[EventDate "2017.01.20"]
[EventType "swiss"]
[EventRounds "7"]
[EventCountry "ESP"]
[SourceTitle "Ajedrez en Madrid"]
[Source "lmi"]
[SourceDate "2017.01.20"]
[SourceVersion "1"]
[SourceVersionDate "2017.01.31"]
[SourceQuality "1"]

1. f4 d5 2. Nf3 Nc6 3. e3 Nf6 4. Bb5 Bd7 5. O-O a6 6. Bxc6 Bxc6 7. Ne5 Nd7 8.
b3 e6 9. Nxc6 bxc6 10. Bb2 Nf6 11. d3 1/2-1/2

[Event "Madrid-ch superveteranos 2016/2017"]
[Site "Madrid ESP"]
[Date "2017.01.24"]
[Round "3.16"]
[White "Osanz Diaz, Francisco"]
[Black "Diaz Begonte, Manuel"]
[Result "0-1"]
[WhiteElo "1622"]
[BlackElo "1658"]
[PlyCount "68"]
[EventDate "2017.01.20"]
[EventType "swiss"]
[EventRounds "7"]
[EventCountry "ESP"]
[SourceTitle "Ajedrez en Madrid"]
[Source "lmi"]
[SourceDate "2017.01.20"]
[SourceVersion "1"]
[SourceVersionDate "2017.01.31"]
[SourceQuality "1"]

1. d4 d5 2. c4 c6 3. Nc3 dxc4 4. e4 b5 5. a4 b4 6. Nb1 Ba6 7. Be3 Nf6 8. f3 e6
9. Ne2 Qa5 10. g3 Nbd7 11. Bg2 e5 12. O-O exd4 13. Nxd4 Bc5 14. Rf2 Bxd4 15.
Bxd4 O-O 16. Nd2 Rfd8 17. Qc1 c5 18. Bxf6 Nxf6 19. Nxc4 Qc7 20. Ne3 Bb7 21. Qc4
Rd4 22. Qc1 Rad8 23. Nf5 Rd1+ 24. Qxd1 Rxd1+ 25. Rxd1 g6 26. Nd6 Ba6 27. b3 Nd7
28. Rfd2 Ne5 29. Rd5 Nc6 30. Rxc5 Qb6 31. Rdc1 Ne5 32. Kh1 Nd3 33. Rc6 Nf2+ 34.
Kg1 Nh3+ 0-1